00589nam a2200169Ia 4500008004100000100002300041245007200064245008900136260003000225260000900255300003900264440005700303650001300360650001600373650002100389650000900410190427s9999 xx 000 0 und d aWhyte, Kristin Lyn a Mathematics in early childhood: Teacher educators' of their work / cKristin Lyn Whyte, M. Abigail Stein, Debbie Kim Natlie Jou, and Cynthia E. Coburn.-- bTaylor and Francis Group  c2018 apages 213-231, July-September 2018 aJournal of Early Childhood Teacher Education v39(3) aAccounts aMathematics aTeacher Educator aWork